Smart Buildings: A Case Study in Slovakia

Renovácia obytných budov na Slovensku. Životné náklady komplexného izolačného riešenia. Náklady na izoláciu obytnej budovy z roku 2010.

Gespeichert in:
Bibliographische Detailangaben
1. Verfasser: Baculáková, Kristína, 1988-
Format: Buchkapitel
Sprache:Englisch
Schlagworte:
Tags: Tag hinzufügen
Keine Tags, Fügen Sie das erste Tag hinzu!

MARC

LEADER 00000naa a2200000 4500
001 0260506
005 20240502083744.4
041 0 |a eng 
044 |a CA 
245 1 0 |a Smart Buildings: A Case Study in Slovakia  |c Kristína Baculáková 
520 |a Renovácia obytných budov na Slovensku. Životné náklady komplexného izolačného riešenia. Náklady na izoláciu obytnej budovy z roku 2010. 
610 2 0 |a budovy 
610 2 0 |a náklady 
610 2 0 |a štúdie prípadové 
610 2 0 |a Slovensko 
100 1 |a Baculáková, Kristína, 1988-